Les Finances municipals dins l'Estat de les Autonomies : estudis i propostes : jornades d'estudi celebrades al Palau de Congressos de Barcelona els dies 21 i 22 de maig de 1984 / Josep M. Bricall ... [et al.] estudis i propostes :
Descripción Física:
180 p. ; 24 cm
Colección:
Biblioteca Prat de la Riba ; 2
Otros Autores:
Bricall, Josep M. (Josep Maria), 1936-
MARC
| LEADER | 00000nam a2200000Ia 4500 | ||
|---|---|---|---|
| 001 | 1627 | ||
| 008 | 160829s1985 xx 000 0 cat d | ||
| 080 | |a M-2-68 | ||
| 245 | |a Les Finances municipals dins l'Estat de les Autonomies : |b estudis i propostes : |b jornades d'estudi celebrades al Palau de Congressos de Barcelona els dies 21 i 22 de maig de 1984 / Josep M. Bricall ... [et al.] | ||
| 260 | |a Barcelona : |b Diputació de Barcelona. Centre d'Estudis de Planificació, |c 1985 | ||
| 300 | |a 180 p. ; |c 24 cm | ||
| 490 | |a Biblioteca Prat de la Riba ; 2 | ||
| 650 | 0 | |a Municipis |x Govern i administració |9 22275 | |
| 650 | 0 | |a Finances municipals |9 22579 | |
| 700 | 1 | |a Bricall, Josep M. |q (Josep Maria), |d 1936- |9 32930 | |
| 901 | |a Arxiu | ||
| 942 | |n 1 | ||
| 952 | |0 0 |1 0 |4 0 |6 M268 |7 1 |9 46149 |a Arxiu |b Arxiu |d 2016-12-01 |l 0 |o M-2-68 |p 1627 |r 2016-12-01 00:00:00 |w 2016-12-01 |y ARXIU | ||
| 999 | |c 49651 |d 49651 | ||